| 000 | 01880nam a2200385 a 4500 | ||
|---|---|---|---|
| 001 | ebr10651913 | ||
| 003 | CaPaEBR | ||
| 006 | m u | ||
| 007 | cr cn||||||||| | ||
| 008 | 120416s2013 nyu sb 001 0 eng d | ||
| 010 | _z 2012014093 | ||
| 020 | _z9781433119521 (hardcover) | ||
| 020 | _z9781453908945 (e-book) | ||
| 040 |
_aCaPaEBR _cCaPaEBR |
||
| 035 | _a(OCoLC)828743537 | ||
| 050 | 1 | 4 |
_aPS374.P646 _bR68 2013eb |
| 082 | 0 | 4 |
_a813/.509 _223 |
| 100 | 1 |
_aRothschild, Sarah, _d1968- |
|
| 245 | 1 | 4 |
_aThe princess story _h[electronic resource] : _bmodeling the feminine in twentieth-century American fiction and film / _cSarah Rothschild. |
| 260 |
_aNew York : _bPeter Lang, _c2013. |
||
| 300 | _a274 p. | ||
| 490 | 1 |
_aModern American literature : new approaches, _x1078-0521 ; _vv. 62 |
|
| 504 | _aIncludes bibliographical references and index. | ||
| 505 | 0 | _aIntroduction: What is a princess story? -- A little princess: a first wave feminist girl -- Disney's first princess stories -- Second-wave feminists and ideologically intent princess stories -- Disney's "feminist" princess stories -- The third-wave princess story: a redefinition -- Romance and the princess' continuing relevance. | |
| 533 |
_aElectronic reproduction. _bPalo Alto, Calif. : _cebrary, _d2013. _nAvailable via World Wide Web. _nAccess may be limited to ebrary affiliated libraries. |
||
| 610 | 2 | 0 | _aWalt Disney Company. |
| 650 | 0 |
_aAmerican fiction _y20th century _xHistory and criticism. |
|
| 650 | 0 | _aPrincesses in literature. | |
| 650 | 0 | _aDisney characters. | |
| 650 | 0 | _aFeminist literary criticism. | |
| 655 | 7 |
_aElectronic books. _2local |
|
| 710 | 2 | _aebrary, Inc. | |
| 830 | 0 |
_aModern American literature (New York, N.Y.) ; _vv. 62. |
|
| 856 | 4 | 0 |
_uhttp://site.ebrary.com/lib/rucke/Doc?id=10651913 _zAn electronic book accessible through the World Wide Web; click to view |
| 999 |
_c75565 _d75565 |
||